"Van bennünk valami örök, ami összeköt.

Elmentve itt :
Bibliográfiai részletek
Szerző: PLESU Andrei
Adatforrás:Meister
Forrásdokumentuma:A Hét. -
8 sz., 1999, 11 p.
Nyelv:magyar
Kulcsszavak:művelődési élet
magyar-román kapcsolatok
KORNISS Péter
LEADER 00405nab a2200145 i 4500
001 bibPRO00007809
008 060524s1999 xx hun
040 |a Sz1 
041 |a hun 
100 1 |a PLESU Andrei 
245 1 1 |a "Van bennünk valami örök, ami összeköt.  |c PLESU Andrei 
695 |a művelődési élet 
695 |a magyar-román kapcsolatok 
695 |a KORNISS Péter 
773 0 |t A Hét. -  |g 8 sz., 1999, 11 p.